Бухгалтерская экспертиза учеб. пособие
В учебном пособии изложены теоретические вопросы бухгалтерской экспертизы, даны темы рефератов, рекомендуемая для изучения дисциплины литература, контрольные вопросы, практические задачи, тесты. Пособие предназначено для обучающихся по направлению подготовки 38.03.01 «Экономика», направленность «Бух...
Сохранить в:
| Hovedforfatter: | |
|---|---|
| Andre forfattere: | |
| Format: | Книга |
| Sprog: | Russian |
| Udgivet: |
Краснодар
КубГАУ
2019
|
| Online adgang: | https://e.lanbook.com/book/392729 https://e.lanbook.com/img/cover/book/392729.jpg |
| Tags: |
Tilføj Tag
Ingen Tags, Vær først til at tagge denne postø!
|
| LEADER | 01635nam0a2200277 i 4500 | ||
|---|---|---|---|
| 001 | 392729 | ||
| 003 | RuSpLAN | ||
| 005 | 20240221160010.0 | ||
| 008 | 240221s2019 ru gs 000 0 rus | ||
| 020 | |a 978-5-00097-945-7 | ||
| 040 | |a RuSpLAN | ||
| 041 | 0 | |a rus | |
| 044 | |a ru | ||
| 080 | |a 657.6(075.8) | ||
| 084 | |a 65.052 |2 rubbk | ||
| 245 | 0 | 0 | |a Бухгалтерская экспертиза |b учеб. пособие |c Сафонова М. Ф.,Калинина И. Н. |
| 260 | |a Краснодар |b КубГАУ |c 2019 | ||
| 300 | |a 96 с. | ||
| 504 | |a Библиогр.: доступна в карточке книги, на сайте ЭБС Лань | ||
| 520 | 8 | |a В учебном пособии изложены теоретические вопросы бухгалтерской экспертизы, даны темы рефератов, рекомендуемая для изучения дисциплины литература, контрольные вопросы, практические задачи, тесты. Пособие предназначено для обучающихся по направлению подготовки 38.03.01 «Экономика», направленность «Бухгалтерский учет, анализ и аудит». | |
| 521 | 8 | |a Книга из коллекции КубГАУ - Экономика и менеджмент | |
| 100 | 1 | |a Сафонова М. Ф. | |
| 700 | 1 | |a Калинина И. Н. | |
| 856 | 4 | |u https://e.lanbook.com/book/392729 | |
| 856 | 4 | 8 | |u https://e.lanbook.com/img/cover/book/392729.jpg |
| 953 | |a https://e.lanbook.com/img/cover/book/392729.jpg | ||